APLIKÁCIA KOEFICIENTU KONVERGENCIE V DEMOGEOGRAFII

Podrobná bibliografia
Hlavný autor: Kandráčová, Viktória (Autor)
Médium: Článok
Jazyk:slovenčina
ISBN:8096765825

MARC

LEADER 00000naa a2200000uu 4500
001 vtls010949732
003 SK-MaSNL
005 20260302125419.0
008 210905|1998 xo |||||||||||||||||slo|
015 |a SNBRA 
035 |a (urnnbn)urn:nbn:sk:snk:ar-a0biof 
035 |a (uuid)41997832-63cb-413f-9e6d-7cc01d1af44a 
035 |a urn:nbn:sk:snk-aauaqw 
040 |a SNKBUCL  |b slo  |c SNKBUCL  |e AACR2 
041 0 |a slo 
044 |a xo  |c SK 
100 1 |a Kandráčová, Viktória  |4 aut  |9 8589 
245 1 0 |a APLIKÁCIA KOEFICIENTU KONVERGENCIE V DEMOGEOGRAFII  |c Viktória Kandráčová 
773 0 |t Aplikácia štatistických metód v transformujúcej sa ekonomike  |d Bratislava : Slovenská štatistická a demografická spoločnosť, 1998  |g S. 28-32  |z 8096765825 
958 |a OND 
958 |a article11 
958 |a chapter 
999 |c 1293549  |d 1295479